01010nam a2200241 a 450000100100000000500170001000800410002704000250006804100130009308200160010624501410012226000530026330000210031649000130033750400730035050400310042370000290045471000610048383000190054404900090056395201790057299900170075100002551920251120073732.0110217s1968 dr 000 0 spa d aDO-SdBNPbspacBNPHU17aspa2eng axxxxbM425p00aMateriales para el estudio de la política y gobierno en la República Dominicana /crecopilación e introducción Howard J. Wiarda. aSantiago, República Dominicana :bUCMM,c1968. a142 p. ;c18 cm.1 aEstudios aIncluye referencias bibliográficas y notas al pie de las páginas aBibliografía : p. 37-1421 aWiarda, Howard J.9479802 aPontificia Universidad Católica Madre y Maestra 9843 0aEstudios93854 aBNPD 0010718PDaPDbPDcCTd2011-02-17iLF1l0oxxxx M425pp25519-10r2020-06-25w2020-06-25yLFPDzPerteneció a la biblioteca personal de Germán Emilio Ornes.ZNo se presta c25011d25011